000 00902nam0a22002411 4500
001 rc\2781620
005 20260406212218.0
035 _a(NLR Aleph) 006907848
090 _a7315663
_c7315663
100 _a20110915d1935 |||y0rusy50 ca
101 0 _arus
102 _aRU
105 _aa z |||||
200 1 _aАгротехника уборки зерновых культур
_e(Основные указания)
_fЗап.-Сиб. краев. зем. упр.
210 _aНовосибирск
_cЗап.-Сиб. краев. изд-во
_d1935
_gтип. № ЗСКИК
215 _aОбл., 26, [2] с.
_cил.
_d17х13 см.
712 0 2 _aЗападно-Сибирское краевое земельное управление
_3RU\NLR\AUTH\889969532
_9435379
801 0 _aRU
_bNLR
_gpsbo
801 1 _aRU
_bELAR
_2rusmarc
852 _aNLR
_j35-9/1076
942 _cBOOK
980 _aNB